000 00582nas a22001817a 4500
008 130520t20119999ag ||||| |||| 00| 0 spa d
245 _aColeccion Trabajos Clave
260 _aBuenos Aires,
_bSociedad Iberoamericana de Informacion Cientifica:
_c2011
300 _av. :
440 _aTerapia Acidosupresora
_92334
546 _aespaƱol
590 _aIndizada en: SIIC Data Bases
590 _aExistencias: 2011 (1 ejemplar)
650 _aTERAPIA ACIDOSUPRESORA
_92335
650 _aOMEPRAZOL
_92336
856 _uhttp://www.siicsalud.com/lmr/siicdatabases.php
942 _2ddc
_cCR
999 _c1442
_d1442